|
|
|
|
| LEADER |
00000nam a2200000Ia 4500 |
| 008 |
180926b cr ||||| |||| 00| | spa d |
| 999 |
|
|
|c 2478
|d 2478
|
| 090 |
|
|
|a CD #217
|
| 110 |
1 |
|
|a Universidad Estatal a Distancia. Programa de producción de material audiovisual
|9 4338
|
| 245 |
1 |
0 |
|a Recursos audiovisuales para el aprendizaje, una forma diferente de enseñar /
|c Universidad Estatal a Distancia. Programa de producción de material audiovisual
|
| 260 |
|
|
|a Costa Rica:
|b UNED,
|c [año de publicación no identificado]
|
| 300 |
|
|
|a Disco compacto
|
| 650 |
1 |
4 |
|a MATERIAL DIDÁCTICO
|9 785
|
| 650 |
1 |
4 |
|a MÉTODOS PEDAGÓGICOS
|9 824
|
| 650 |
1 |
4 |
|a ENSEÑANZA
|9 14
|
| 942 |
|
|
|i 002499
|h CD #217
|2 z
|c 08
|